Pays ou il y a le plus d'Amérindiens - Statistiques

Statistiques générales
  • Ce quiz a été pris 270 fois
  • Le résultat moyen est 20 sur 23
Statistiques - réponses
Nombre Pays % Correct
9 666 058 Etats-Unis
100%
25 000 000 Mexique
99%
900 000 Brésil
97%
1 800 000 Canada
97%
Entre 500 000et 700 000 Argentine
94%
14 712 018 Pérou
94%
2 312 358 Chili
93%
812 651 Venezuela
92%
1 989 658 Colombie
91%
6 755 532 Bolivie
88%
138 167 Paraguay
87%
4 236 828 Equateur
86%
76 452 Uruguay
86%
529 739 Panama
85%
9 509 137 Guatemala
83%
78 200 Guyana
83%
660 612 Honduras
83%
22 759 Suriname
83%
314 682 Nicaragua
80%
641 604 Salvador
80%
149 417 Costa Rica
79%
40 000 Belize
73%
13 000 France
67%
Aucun quiz correspondant
Distribution des résultats
% des personnes avec chaque résultat
Percentile par nombre de réponses
Votre historique - résultats
Vous n’avez pas pris ce quiz